000 00520nam a22002177a 4500
003 UA-OsUOA
001 38304
007 ta
008 20060504b un ||||| |||| 00| 0 ukr d
100 _aДарпінянц В'ячеслав
090 _a32
_bД11
942 _cSA
040 _aUA-OsUOA
_bukr
_cUA-OsUOA
_dUA-OsUOA
245 _aГазпром сльозам не вірить
300 _a6-8 с.
955 _a0
041 _aukr
080 _a32
773 0 _w38303
650 7 _a32 Політика
_2UDC
999 _c324468
_d324468